| 000 | 00838nam a2200265Ia 4500 | ||
|---|---|---|---|
| 001 | 11050 | ||
| 003 | GE_BSU | ||
| 008 | 181216s||||||||xx |||||||||||||| ||und|| | ||
| 020 | _a9780203891414(ebk) | ||
| 040 | _cGE_BSU | ||
| 080 | _a378.1/25 | ||
| 245 | 2 | _aA Handbook For Teaching and Learning in Higher Education. | |
| 245 | _bEnhancing Academic Practice. | ||
| 245 | _cEdited by Heather Fry,Steve Ketteridge, Stephanie Marshall. | ||
| 250 | _aThird edition. | ||
| 260 | _aNew York. | ||
| 260 | _bRoutledge. | ||
| 260 | _c2009. | ||
| 300 | _a525p;ill;24cm. | ||
| 520 | _aშემოსულია ტემპუსის პროექტით. | ||
| 541 | _h131Gel. | ||
| 653 | _aA Handbook For Teaching and Learning in Higher Education. | ||
| 653 | _aტემპუსის პროექტით | ||
| 942 | _cBK | ||
| 999 |
_c44292 _d44292 |
||